• 首页
  • 本馆介绍
  • 公告通知
  • 最新文献
  • 馆藏检索
  • 电子资源
  • 读者导购
  • 参考咨询
  • 我的图书馆
  • 登录
  • 详细信息显示
  • 放入我的书架
  • 预约/预借图书
  • 作者相关作品
  • 分类相关作品
  • 丛书相关作品
  • 出版社相关作品

书目信息

  • 表格格式
  • 工作单格式
  • 卡片格式
题名:
Linux从入门到精通
    
 
作者: 刘忆智 编著
分册:  
出版信息: 北京   清华大学出版社  2014.02
页数: 19, 442页
开本: 26cm
丛书名:
单 册:
中图分类: TP316.89
科图分类:
主题词: Linux操作系统--Linuxcao zuo xi tong--基本知识 , Linux操作系统--Linuxcao zuo xi tong
电子资源:
ISBN: 978-7-302-31272-7
000 00968nam0 2200277 450
001 2031103321
005 20201120091054.30
010    @a978-7-302-31272-7@dCNY59.80
100    @a20140429e20202014em y0chiy50 ea
101 0  @achi
102    @aCN@b110000
105    @ay z 000yy
106    @ar
200 1  @aLinux从入门到精通@9Linux cong ru men dao jing tong@f刘忆智等编著
205    @a2版
210    @a北京@c清华大学出版社@d2014.02@h2020.03
215    @a19, 442页@d26cm@e1光盘
300    @aLinux典藏大系
307    @a附光盘:ISBN 978-7-89414-493-5
330    @a本书分为七篇29章,具体内容包括:Linux概述、Linux安装、桌面环境、文件和目录管理、软件包管理、磁盘管理、用户与用户组管理、进程管理、网络配置等。
606 0  @aLinux操作系统@9Linuxcao zuo xi tong@x基本知识
606 0  @aLinux操作系统@9Linuxcao zuo xi tong
690    @aTP316.89@v5
701  0 @a刘忆智@9liu yi zhi@4编著
801  0 @aCN@bBJSZM@c20201119
905    @b1214850-3@dTP316.89@e1025=2@f4
    
    Linux从入门到精通/刘忆智等编著.-2版.-北京:清华大学出版社,2014.02(2020.03)
    19, 442页;26cm+1光盘
    Linux典藏大系
    
    ISBN 978-7-302-31272-7:CNY59.80
    本书分为七篇29章,具体内容包括:Linux概述、Linux安装、桌面环境、文件和目录管理、软件包管理、磁盘管理、用户与用户组管理、进程管理、网络配置等。
●
相关链接 在E读中查询图书 在五车中查询图书 在当当中查询图书 在豆瓣中查询图书


正题名:Linux从入门到精通     索取号:TP316.89/1025=2         预约/预借

序号 登录号 条形码 馆藏地/架位号 状态 备注
1 1214850   212148503   第二样本阅览室/ [索取号:TP316.89/1025=2] 在馆    
2 1214851   212148512   第三借阅区/ [索取号:TP316.89/1025=2] 在馆    
3 1214852   212148521   第三借阅区/ [索取号:TP316.89/1025=2] 在馆    
4 1214853   212148530   第三借阅区/ [索取号:TP316.89/1025=2] 在馆    
唐山师范学院图书馆 欢迎您!
大连网信软件有限公司© 版权所有